| 000 | 00811nam a22002537a 4500 | ||
|---|---|---|---|
| 003 | DO-SdBNP | ||
| 005 | 20250306101442.0 | ||
| 007 | ta | ||
| 008 | 110301s201u dr 000 0 spa d | ||
| 040 |
_aDO-SdBNP _bspa _cBNPHU _erda |
||
| 082 | 4 |
_axxxx _bxxx _222 |
|
| 110 | 2 |
_aUniversidad Nacional Pedro Henríquez Ureña _983980 |
|
| 245 | 0 | 0 | _aReglamento de exámenes, pruebas y sistemas de evaluación / |
| 264 | 1 |
_aSanto Domingo : _bUNPHU, _c200-? |
|
| 300 |
_a39 páginas : _c23 cm. |
||
| 336 |
_atexto _btxt _2rdacontent |
||
| 337 |
_asin mediación _bn _2rdamedia |
||
| 338 |
_avolumen _bnc _2rdacarrier |
||
| 500 | _amodificacion agosto 2012 - Act. 2014 | ||
| 590 | _aInventariado, 2022/ YL | ||
| 710 | 2 |
_aUniversidad Nacional Pedro Henríquez Ureña _983980 |
|
| 910 | _aYLockward | ||
| 942 |
_2ddc _cLF2 |
||
| 999 |
_c51569 _d51569 |
||